000 00352 a2200157 4500
001 71133
020 _a
040 _cAnchieta - Colégio São Paulo
100 _aGouveia, Luis Augusto
240 1 0 _aAprendendo a voar
_lpor
245 1 0 _aAprendendo a voar
300 _a111
362 0 _a2001
650 4 _aLiteratura infanto-juvenil
942 _cBK
999 _c71133
_d71133